| 000 | 00633nam a22002177a 4500 | ||
|---|---|---|---|
| 005 | 20170124105958.0 | ||
| 010 | _a989033 | ||
| 020 | _c00.00 | ||
| 035 | _a989033 | ||
| 037 | _bCen Lib/Ret | ||
| 040 |
_aDPL _bEN |
||
| 082 |
_a347.7 _bRAO |
||
| 100 |
_aRao, K. Venkoba _989399 |
||
| 245 |
_aVenkoba Rao's commercial references / _cby K. Venukoba Rao |
||
| 260 |
_aCalcutta _bEastern Law House _c1980 |
||
| 270 |
_a54, Ganesh Chunder Avenue _bCalcutta _e700013 |
||
| 300 |
_a1506p. _c19cmHb) |
||
| 650 |
_aConstitution _989400 |
||
| 650 |
_aFundamental assumption _989401 |
||
| 942 |
_2ddc _cEN _h374.7 _mRAO |
||
| 999 |
_c125683 _d125683 |
||